Biblioteca y Centro de Documentación

Educación financiera e iniciativa empresarial en España (Registro nro. 47796)

Detalles MARC
000 -CABECERA
Longitud fija campo de control 01269naa a2200313 c 4500
001 - NÚMERO DE CONTROL
Número de control 47796
003 - IDENTIFICADOR DE NÚMERO DE CONTROL
Identificador del número de control ES-MaCES
005 - FECHA Y HORA DE LA ÚLTIMA TRANSACCIÓN
Fecha y hora de la última transacción 20160622094053.0
008 - CAMPO FIJO DE DESCRIPCIÓN FIJA--INFORMACIÓN GENERAL
Códigos de información de longitud fija   160622s2016 sp ||||| t||||||| ||spa d
040 ## - FUENTE DE CATALOGACIÓN
Centro catalogador de origen ES-MaCES
Lengua de catalogación spa
Centro transcriptor ES-MaCES
Centro modificado ES-MaCES
100 1# - ENCABEZAMIENTO PRINCIPAL--NOMBRE PERSONAL
9 (RLIN) 36999
Nombre de persona Trombetta, Marco
245 10 - MENCIÓN DE TÍTULO
Título Educación financiera e iniciativa empresarial en España
Resto del título : un estudio exploratorio
Mención de responsabilidad, etc. Marco Trombetta
500 ## - NOTA GENERAL
Nota general Resumen
504 ## - NOTA DE BIBLIOGRAFÍA, ETC.
Nota de bibliografía, etc. Bibliografía: p. 19-20
650 #4 - ASIENTO SECUNDARIO DE MATERIA--TÉRMINO DE MATERIA
9 (RLIN) 29935
Término de materia o nombre geográfico como elemento inicial enseñanza de la economía
650 #4 - ASIENTO SECUNDARIO DE MATERIA--TÉRMINO DE MATERIA
9 (RLIN) 27367
Término de materia o nombre geográfico como elemento inicial educación
650 #4 - ASIENTO SECUNDARIO DE MATERIA--TÉRMINO DE MATERIA
9 (RLIN) 30761
Término de materia o nombre geográfico como elemento inicial sector financiero
650 #4 - ASIENTO SECUNDARIO DE MATERIA--TÉRMINO DE MATERIA
9 (RLIN) 28105
Término de materia o nombre geográfico como elemento inicial actividad bancaria
650 #4 - ASIENTO SECUNDARIO DE MATERIA--TÉRMINO DE MATERIA
9 (RLIN) 30016
Término de materia o nombre geográfico como elemento inicial creación de empresa
650 #4 - ASIENTO SECUNDARIO DE MATERIA--TÉRMINO DE MATERIA
9 (RLIN) 30170
Término de materia o nombre geográfico como elemento inicial trabajo a cuenta propia
650 #4 - ASIENTO SECUNDARIO DE MATERIA--TÉRMINO DE MATERIA
9 (RLIN) 28270
Término de materia o nombre geográfico como elemento inicial competitividad
650 #4 - ASIENTO SECUNDARIO DE MATERIA--TÉRMINO DE MATERIA
9 (RLIN) 28856
Término de materia o nombre geográfico como elemento inicial encuesta
650 #4 - ASIENTO SECUNDARIO DE MATERIA--TÉRMINO DE MATERIA
9 (RLIN) 28893
Término de materia o nombre geográfico como elemento inicial evaluación
650 #4 - ASIENTO SECUNDARIO DE MATERIA--TÉRMINO DE MATERIA
9 (RLIN) 26964
Término de materia o nombre geográfico como elemento inicial España
653 10 - TÉRMINO DE INDEXACIÓN--NO CONTROLADO
Término no controlado Educación
773 0# - ENTRADA DE DOCUMENTO FUENTE
Itemnumber del ítem fuente 84739
Lugar, editor y fecha de publicación [Madrid (Juan Hurtado de Mendoza, 14, 28036)] [Fundación Fondo para la Investigación Económica y Social, Obra Social de la Confederación Española de Cajas de Ahorros]
Otro identificador del documento 087637
Título Cuadernos de información económica
Número de control del registro relacionado (ES-MaCES)25356
Parte(s) relacionada(s) n. 252 (mayo-jun. 2016) {10345 R. 087637} ;p. 1-20
902 ## - CES. TIPO DE DOCUMENTO
Tipodoc (006$c Sirtex) ART Artículo de revista
942 ## - ELEMENTOS KOHA
Fuente de clasificaión o esquema Clasificación propia del CES
Koha [por defecto] tipo de item Artículos (1982-2017)
Parte de clasificación Economía

No hay ítems disponibles.

© CES, Consejo Económico y Social de España 2021